Group theory : the application to quantum mechanics /
Guardado en:
| Autor Principal: | |
|---|---|
| Otros Autores: | |
| Formato: | Libro |
| Idioma: | English |
| Publicado: |
Amsterdam :
North-Holland,
1962.
|
| Etiquetas: |
Agregar Etiqueta
Sin Etiquetas, Sea el primero en etiquetar este registro!
|
| LEADER | 00832nam a22001815a 4500 | ||
|---|---|---|---|
| 001 | MAT.inmabb001357 | ||
| 008 | 031124s1962####ne############000#0#eng#d | ||
| 005 | 20150318145555.0 | ||
| 245 | 1 | 0 | |a Group theory : |b the application to quantum mechanics / |c Paul H. E. Meijer, Edmond Bauer. |
| 260 | |a Amsterdam : |b North-Holland, |c 1962. | ||
| 300 | |a xi, 288 p. ; |c 23 cm. | ||
| 500 | |a "The book is based on a French monograph entitled Introduction à la théorie des groupes et ses applications en physique quantique, which appeared in 1933 in the Annales de l'Institut Henri Poincaré." --Preface. | ||
| 510 | 4 | |a MR, |c 27 #5502 | |
| 100 | 1 | |a Meijer, Paul H. E. | |
| 700 | 1 | |a Bauer, Edmond. | |
| 740 | 0 | |a Introduction à la théorie des groupes et ses applications en physique quantique | |
| 084 | |a 81 |2 msc2000 | ||
| 859 | |h 81 |i M512 |p A-1022 |b BIB. MATEMATICA | ||
